Chất Nam Bộ trong truyện, ký của Đoàn Giỏi : Luận văn Thạc sĩ chuyên ngành Văn học Việt Nam
Đề tài tìm hiểu về chất Nam Bộ trong truyện, ký của Đoàn Giỏi. Qua đó, giúp ta hiểu rõ hơn về nhà văn ở vùng đất Nam Bộ Đoàn Giỏi. Những dấu ấn Nam Bộ đậm nét qua thiên nhiên và con người trong truyện, ký của Đoàn Giỏi. Đặc biệt, là ng...
Đã lưu trong:
| 主要作者: | |
|---|---|
| 格式: | 图书 |
| 语言: | Undetermined |
| 出版: |
Cần Thơ
Trường Đại học Cần Thơ
2011
|
| 主题: | |
| 标签: |
添加标签
没有标签, 成为第一个标记此记录!
|
| Thư viện lưu trữ: | Trung tâm Học liệu Trường Đại học Cần Thơ |
|---|
| LEADER | 01290nam a2200229Ia 4500 | ||
|---|---|---|---|
| 001 | CTU_171206 | ||
| 008 | 210402s9999 xx 000 0 und d | ||
| 082 | |a 895.9223009 | ||
| 082 | |b T116 | ||
| 088 | |a 60220121 | ||
| 100 | |a Nguyễn, Thị Tặng | ||
| 245 | 0 | |a Chất Nam Bộ trong truyện, ký của Đoàn Giỏi : | |
| 245 | 0 | |b Luận văn Thạc sĩ chuyên ngành Văn học Việt Nam | |
| 245 | 0 | |c Nguyễn Thị Tặng ; Võ Văn Nhơn ( Hướng dẫn khoa học ) | |
| 260 | |a Cần Thơ | ||
| 260 | |b Trường Đại học Cần Thơ | ||
| 260 | |c 2011 | ||
| 520 | |a Đề tài tìm hiểu về chất Nam Bộ trong truyện, ký của Đoàn Giỏi. Qua đó, giúp ta hiểu rõ hơn về nhà văn ở vùng đất Nam Bộ Đoàn Giỏi. Những dấu ấn Nam Bộ đậm nét qua thiên nhiên và con người trong truyện, ký của Đoàn Giỏi. Đặc biệt, là nghệ thuật sáng tác truyện của Đoàn Giỏi | ||
| 650 | |a Văn học Việt Nam,Vietnamese literature | ||
| 650 | |x Lịch sử và phê bình,History and criticism | ||
| 904 | |i Tuyền, Hải | ||
| 980 | |a Trung tâm Học liệu Trường Đại học Cần Thơ | ||